Marvel Characters by Height Quiz Stats

 Plays Quiz not verified by Sporcle

Score 0/44 Timer 07:00
0 Plays Today
% Correct
5'10'
93.2%
5'7'
93%
6'6'
92.6%
6'2'
92.1%
2'7'
92.1%
4'0'
91.9%
8'0'
91.9%
6'2'
91.4%
6'2'
91.4%
Varies
91.4%
6'1'
91.4%
6'0'
91.2%
6'2'
91.2%
6'3
91%
6'6'
91%
9'5'
90.8%
6'4'
90.5%
6'4'
90.3%
5'3'
90.3%
6'2'
90.1%
5'11'
89.9%
6'7'
89.6%
% Correct
6'0'
89.6%
6'0'
89.6%
6'1'
89%
5'10'
89%
6'3'
88.5%
5'8'
87.6%
6'7'
87.4%
6'2'
87.4%
7'5'
86.9%
6'1'
86.7%
4'10'
85.8%
5'9'
85.4%
7'5'
84.9%
6'1'
83.3%
5'11'
83.1%
Varies
82.9%
6'6'
79.3%
6'0'
78.8%
6'6'
76.8%
7'0'
75.9%
6'2'
72.7%
7'2'
71.4%

You're not logged in!

Compare scores with friends on all Sporcle quizzes.
OR
Log In

You Might Also Like...

Show Comments

Extras

Top Quizzes Today


Score Distribution

Your Account Isn't Verified!

In order to create a playlist on Sporcle, you need to verify the email address you used during registration. Go to your Sporcle Settings to finish the process.

Report this User

Report this user for behavior that violates our Community Guidelines.

Details: